| 000 | 01146cam a22003017a 4500 | ||
|---|---|---|---|
| 003 | CHAP | ||
| 005 | 20220329134757.0 | ||
| 008 | 971013s1973 r 00010 d | ||
| 010 | _a25735 | ||
| 011 | _a26707 | ||
| 035 | _a30808 | ||
| 040 | _cCHAP | ||
| 090 | _aFolleto 2986 | ||
| 110 |
_aInstituto Tecnológico y de Estudios Superiores de Monterrey _959467 |
||
| 245 | 0 | _aInnovaciones y estadística de realizaciones de la División de Ciencias Agropecuarias y Marítimas proyectadas al ámbito regional, nacional y latinoamericano en el transcurso de XXV años | |
| 260 |
_aMonterrey, N.L. : _bEl Instituto, _c1973 |
||
| 300 |
_as.p. _b: ilus |
||
| 590 |
_aBATCH-UPD _b10 _c20130110 _lUCH01 _h1015 |
||
| 590 |
_aBATCH-UPD _b10 _c20130410 _lUCH01 _h0622 |
||
| 590 |
_aBATCH-UPD _b10 _c20130913 _lUCH01 _h2103 |
||
| 590 |
_aCONVERSION _b10 _c20130109 _lUCH01 _h1315 |
||
| 650 | 1 | 4 |
_aAgricultura _xInvestigación _xMéxico. _91643 |
| 650 | 1 | 4 |
_aEducación agrícola _zMéxico. _935552 |
| 901 | _aBK | ||
| 942 | _cFOLL | ||
| 949 |
_aFolleto 2986 _bBC _cFOLL _d-71293 _eTS1 _i30808 _mD _si |
||
| 949 |
_aFolleto 2986 _bBC _cFOLL _d-71294 _eTS2 _fc.2 _i30808 _mD _si |
||
| 999 |
_c25735 _d25735 |
||